000 00271nam a2200109Ia 4500
008 200302s9999 xx 000 0 und d
100 _aGraham Jain & Other
245 _aContemprary Australian Architecture
260 _bCraftsman House
260 _c1995
300 _a241 P.,
999 _c2021
_d2021